Idea de la historia / (Record no. 110201)

MARC details
000 -LEADER
fixed length control field 00795cam a2200217 4500
005 - DATE AND TIME OF LATEST TRANSACTION
control field 20151204133951.0
008 - FIXED-LENGTH DATA ELEMENTS--GENERAL INFORMATION
fixed length control field 151204b mx ||||| |||| 00| 0 spa d
050 04 - LIBRARY OF CONGRESS CALL NUMBER
Classification number D13
Item number C65 1952
100 1# - MAIN ENTRY--PERSONAL NAME
Personal name Collingwood, R. G.,
Dates associated with a name [1889-1943],
Fuller form of name [Robin George Collingwood]
245 10 - TITLE STATEMENT
Title Idea de la historia /
Statement of responsibility, etc Robin George Collingwood ; traducción de Edmundo O'Gorman y Jorge Hernández Campos.
250 ## - EDITION STATEMENT
Edition statement 1a ed.
260 ## - PUBLICATION, DISTRIBUTION, ETC. (IMPRINT)
Place of publication, distribution, etc Mexico :
Name of publisher, distributor, etc Fondo de Cultura Economica,
Date of publication, distribution, etc 1952
300 ## - PHYSICAL DESCRIPTION
Extent 610 p. ;
Dimensions 20cm.
500 ## - GENERAL NOTE
General note Nota: Traducción de: The idea of history
504 ## - BIBLIOGRAPHY, ETC. NOTE
Bibliography, etc Incluye índice
650 #7 - SUBJECT ADDED ENTRY--TOPICAL TERM
Source of heading or term LEMB
Topical term or geographic name as entry element Historiografía
650 #7 - SUBJECT ADDED ENTRY--TOPICAL TERM
Source of heading or term LEMB
Topical term or geographic name as entry element Historia
General subdivision Filosofía
700 1# - ADDED ENTRY--PERSONAL NAME
Personal name Hernandez Campos, Jorge,
Relator term tr.
700 1# - ADDED ENTRY--PERSONAL NAME
Personal name O'Gorman, Edmundo,
Dates associated with a name 1906-1995,
Relator term tr.
942 ## - ADDED ENTRY ELEMENTS (KOHA)
Source of classification or shelving scheme Biblioteca del Cogreso de los Estados Unidos
Koha item type Libro
Holdings
Estado de pérdida Fuente de clasificación Estado del daño No para préstamo Ubicación permanente Ubicación actual Apartado o colección Fecha de adquisición Edición Dependencia de educación superior (DES) Área del conocimiento Clasificación Código de Barras Date last seen Número de copia Tipo de recurso Nota pública
  Biblioteca del Cogreso de los Estados Unidos     Biblioteca del Instituto de Investigaciones Históricas Biblioteca del Instituto de Investigaciones Históricas General 04/12/2015 1a ed. Humanidades Educación y Humanidades D13 C65 1952 IIH000013629 04/12/2015 C: 1 Libro GENERAL